Colour and colour printing as applied to lithography (Record no. 552656)
[ view plain ]
| 000 -LEADER | |
|---|---|
| fixed length control field | 01410cam a2200289Ia 4500 |
| 082 ## - DEWEY DECIMAL CLASSIFICATION NUMBER | |
| Classification number | 686.2315 |
| Author Mark | RIC |
| 100 1# - MAIN ENTRY--PERSONAL NAME | |
| Personal name | Richmond, W. D. |
| 9 (RLIN) | 49915 |
| 245 10 - TITLE STATEMENT | |
| Title | Colour and colour printing as applied to lithography |
| Remainder of title | containing an introduction to the study of colour : an account of the general and special qualities of pigments employed, their manufacture into printing inks, and the principles involved in their application / |
| Statement of responsibility, etc. | by W.D. Richmond. |
| 250 ## - EDITION STATEMENT | |
| Edition statement | 3rd ed. |
| 260 ## - PUBLICATION, DISTRIBUTION, ETC. | |
| Place of publication, distribution, etc. | London : |
| Name of publisher, distributor, etc. | E. Menken, |
| Date of publication, distribution, etc. | [189-?] |
| 300 ## - PHYSICAL DESCRIPTION | |
| Extent | 1 online resource (x, 169 p.) : |
| Other physical details | ill. |
| 490 1# - SERIES STATEMENT | |
| Series statement | Nineteenth Century Collections Online (NCCO): Photography: The World through the Lens |
| 490 1# - SERIES STATEMENT | |
| Series statement | Wyman's technical series |
| 500 ## - GENERAL NOTE | |
| General note | "A companion volume to the 'Grammar of lithography' of which handbook it must be considered to form a supplementary volume."--Pref., p. vi. |
| 500 ## - GENERAL NOTE | |
| General note | Includes index. |
| 500 ## - GENERAL NOTE | |
| General note | Publisher's advertisement: 2 p. preceding t.p. |
| 500 ## - GENERAL NOTE | |
| General note | Reproduction of the original from the Columbia University Libraries. |
| 500 ## - GENERAL NOTE | |
| General note | Series from cover. |
| 526 ## - STUDY PROGRAM INFORMATION NOTE | |
| Program name | 0 |
| Interest level | 0 |
| Reading level | 0 |
| Title point value | 686_231500000000000_RIC |
| 590 ## - LOCAL NOTE (RLIN) | |
| Local note | Scanned copy imperfect: weak or faded print. |
| 650 #0 - SUBJECT ADDED ENTRY--TOPICAL TERM | |
| Topical term or geographic name entry element | Chromolithography. |
| 9 (RLIN) | 49916 |
| 650 #0 - SUBJECT ADDED ENTRY--TOPICAL TERM | |
| Topical term or geographic name entry element | Color printing. |
| 9 (RLIN) | 49917 |
| 650 #0 - SUBJECT ADDED ENTRY--TOPICAL TERM | |
| Topical term or geographic name entry element | MCE |
| 9 (RLIN) | 379 |
| 650 #0 - SUBJECT ADDED ENTRY--TOPICAL TERM | |
| Topical term or geographic name entry element | Pigments. |
| 9 (RLIN) | 45133 |
| 856 40 - ELECTRONIC LOCATION AND ACCESS | |
| Uniform Resource Identifier | <a href="http://www.columbia.edu/cgi-bin/cul/resolve?clio10754621">http://www.columbia.edu/cgi-bin/cul/resolve?clio10754621</a> |
| 942 ## - ADDED ENTRY ELEMENTS (KOHA) | |
| Source of classification or shelving scheme | |
| Koha item type | Book |
| Withdrawn status | Lost status | Source of classification or shelving scheme | Damaged status | Not for loan | Permanent Location | Current Location | Shelving location | Date acquired | Total Checkouts | Full call number | Barcode | Date last seen | Price effective from | Koha item type |
|---|---|---|---|---|---|---|---|---|---|---|---|---|---|---|
| Military College of Engineering (MCE) | Military College of Engineering (MCE) | 01/20/2015 | 686.2315 RIC | MCE-ECC/82 | 01/20/2015 | 01/20/2015 | Book |
